000 01138nam2a22002651 4500
001 RU\NLR\INFOCOMM4\1000613056
005 20250617004341.0
035 _a(NLR Aleph) 002321950
090 _a4396887
_c4396887
100 _a20041018d1930 |||y0rusy50 ca
101 0 _arus
102 _aRU
105 _ay |||||||||
200 1 _aОчерки социального быта Рязанского края по архивам рязанских помещиков - Бекетовых, Д.А. Толстого и Дубовицких
_fА.З. Селиванов
210 _d1930
_aБ. м.
300 _aНа обл. дата: 1931
461 0 _1001RU\NLR\INFOCOMM4\1000613019
_12001#$aТруды Рязанского бюро краеведения$vВып.38
_94396553
_aРязанское бюро краеведения
_cРязань
_d1922-1933
_tТруды Рязанского бюро краеведения
_vВып.38
700 1 _aСеливанов
_bА.З.
_4070
801 1 _aRU
_bInfoComm
_c20041018
801 0 _aRU
_bNLR
_gPSBO
852 _aNLR
_j31-19/146
942 _cISSUE
980 _aNB
980 _aRUSPER